| 000 | 00429nam a2200169Ia 4500 | ||
|---|---|---|---|
| 008 | 230524s9999 xx 000 0 und d | ||
| 020 | _a9789384588212 | ||
| 082 |
_a621.3 _bRAO |
||
| 100 |
_aK. Uma Rao _943013 |
||
| 245 | 0 | _aElements of Electrical Engineering | |
| 250 | _a1 | ||
| 260 |
_aNew Delhi _bI.K.International _c2015 |
||
| 300 | _a"VII,225p:" | ||
| 500 | _aQuantity Number: 1 | ||
| 650 | _aElectrical | ||
| 942 | _cBK | ||
| 999 |
_c57957 _d57957 |
||